CYTOGENETICS : INCLUDING MOLECULAR CYTOGENETICS (Record no. 8130)

MARC details
000 -LEADER
fixed length control field 00458nam a22001817a 4500
005 - DATE AND TIME OF LATEST TRANSACTION
control field 20230109103152.0
008 - FIXED-LENGTH DATA ELEMENTS--GENERAL INFORMATION
fixed length control field 221219b |||||||| |||| 00| 0 eng d
020 ## - INTERNATIONAL STANDARD BOOK NUMBER
ISBN 939292418-6
041 ## - LANGUAGE CODE
Language code of text/sound track or separate title eng
082 ## - DEWEY DECIMAL CLASSIFICATION NUMBER
Classification number 611.01 GUP-C
100 ## - MAIN ENTRY--AUTHOR NAME
Personal name GUPTA ,P.K
245 ## - TITLE STATEMENT
Title CYTOGENETICS : INCLUDING MOLECULAR CYTOGENETICS
250 ## - EDITION STATEMENT
Edition statement 2nd ed.
260 ## - PUBLICATION, DISTRIBUTION, ETC. (IMPRINT)
Place of publication DELHI
Name of publisher RASTOGI PUBLICATIONS
Year of publication 2022
300 ## - PHYSICAL DESCRIPTION
Number of Pages 511;P.
650 ## - SUBJECT ADDED ENTRY--TOPICAL TERM
Topical Term AGRICULTURE
942 ## - ADDED ENTRY ELEMENTS (KOHA)
Koha item type Books
Holdings
Lost status Damaged status Collection code Home library Current library Shelving location Date acquired Source of acquisition Cost, normal purchase price Full call number Accession Number Koha item type
    Reference JRU Library JRU Library SHELF-2-B 10/11/2022 LOHIA BOOK INTERNATIONAL 750.00 611.01-GUP-C 27093 Books
    AGRICULTURE JRU Library JRU Library SHELF-44-A 10/11/2022 LOHIA BOOK INTERNATIONAL 750.00 611.01-GUP-C 27094 Books
    AGRICULTURE JRU Library JRU Library SHELF-44-A 10/11/2022 LOHIA BOOK INTERNATIONAL 750.00 611.01-GUP-C 27095 Books
    AGRICULTURE JRU Library JRU Library SHELF-44-A 10/11/2022 LOHIA BOOK INTERNATIONAL 750.00 611.01-GUP-C 27096 Books
    AGRICULTURE JRU Library JRU Library SHELF-44-A 10/11/2022 LOHIA BOOK INTERNATIONAL 750.00 611.01-GUP-C 27097 Books